Biblioteca y Centro de Documentación

Natura 2000: la gran apuesta de la UE para la conservación de la biodiversidad, ¿frustrada por la crisis? (Registro nro. 44758)

Detalles MARC
000 -CABECERA
Longitud fija campo de control 01027naa a2200241 4500
001 - NÚMERO DE CONTROL
Número de control 44758
003 - IDENTIFICADOR DE NÚMERO DE CONTROL
Identificador del número de control ES-MaCES
005 - FECHA Y HORA DE LA ÚLTIMA TRANSACCIÓN
Fecha y hora de la última transacción 20150929135608.0
008 - CAMPO FIJO DE DESCRIPCIÓN FIJA--INFORMACIÓN GENERAL
Códigos de información de longitud fija   000000s2013 sp ||||| t||||||| ||spa d
040 ## - FUENTE DE CATALOGACIÓN
Centro catalogador de origen ES-MaCES
Lengua de catalogación spa
Centro transcriptor ES-MaCES
100 1# - ENCABEZAMIENTO PRINCIPAL--NOMBRE PERSONAL
9 (RLIN) 35004
Nombre de persona Gavilán Iglesias, Laura Patricia
245 10 - MENCIÓN DE TÍTULO
Título Natura 2000: la gran apuesta de la UE para la conservación de la biodiversidad, ¿frustrada por la crisis?
Mención de responsabilidad, etc. Laura-Patricia Gavilán Iglesias
650 #4 - ASIENTO SECUNDARIO DE MATERIA--TÉRMINO DE MATERIA
9 (RLIN) 28754
Término de materia o nombre geográfico como elemento inicial conservación de la naturaleza
650 #4 - ASIENTO SECUNDARIO DE MATERIA--TÉRMINO DE MATERIA
9 (RLIN) 30785
Término de materia o nombre geográfico como elemento inicial desarrollo sostenible
650 #4 - ASIENTO SECUNDARIO DE MATERIA--TÉRMINO DE MATERIA
9 (RLIN) 29422
Término de materia o nombre geográfico como elemento inicial política ambiental
650 #4 - ASIENTO SECUNDARIO DE MATERIA--TÉRMINO DE MATERIA
9 (RLIN) 29423
Término de materia o nombre geográfico como elemento inicial protección ambiental
653 10 - TÉRMINO DE INDEXACIÓN--NO CONTROLADO
Término no controlado Medio ambiente
650 #4 - ASIENTO SECUNDARIO DE MATERIA--TÉRMINO DE MATERIA
9 (RLIN) 28715
Término de materia o nombre geográfico como elemento inicial medio ambiente
650 #4 - ASIENTO SECUNDARIO DE MATERIA--TÉRMINO DE MATERIA
9 (RLIN) 26752
Término de materia o nombre geográfico como elemento inicial UE
773 0# - ENTRADA DE DOCUMENTO FUENTE
Itemnumber del ítem fuente 81093
Lugar, editor y fecha de publicación Madrid (Duque de Sesto, 40, 28009) FUHEM-CIP ; Barcelona (Ausiàs Marc, 16, 3º, 2ª, 08010) : Icaria D.L. 1990-
Otro identificador del documento 084000
Título Ecología política
Número de control del registro relacionado (ES-MaCES)25611
Parte(s) relacionada(s) n. 46 (2013) {10606 R. 084000} ;p. 63-67
902 ## - CES. TIPO DE DOCUMENTO
Tipodoc (006$c Sirtex) ART Artículo de revista
942 ## - ELEMENTOS KOHA
Fuente de clasificaión o esquema Clasificación propia del CES
Koha [por defecto] tipo de item Artículos (1982-2017)
Parte de clasificación Medio Ambiente

No hay ítems disponibles.

© CES, Consejo Económico y Social de España 2021